000 00799nam a2200229 a 4500
001 000033427
003 OSt
005 20240305085225.0
008 110829s19uu dr r 000 0 spa d
040 _aDO-SdBNP
_bspa
_cBNPHU
082 4 _a364.36
_bB253d
_222
100 1 _aBarinas Coiscou, Sócrates,
_d1916-2021
_924379
245 1 0 _aDelincuencia infantil y codigo del niño dominicano /
_cSocrates Barinas Coiscou.
260 _aCiudad Trujillo, República Dominicana :
_b[s.n.],
_c[19--?].
300 _a39 p.;
_b23 cm.
504 _aBibliografía : p. 39
590 _aInventariado, 2018/ YL
650 4 _aDelincuencia infantil
_zRepública Dominicana
_977046
650 4 _aNiños
_xEstado legal, legislación, etc.
_916467
910 _aValidado. Control de calidad MFF
942 _2ddc
_cLBS1
999 _c32918
_d32918